Statistics for Mitski - My Love Mine All Mine

Click here to take the quiz!

General Stats

  • This quiz has been taken 408 times
  • The average score is 132 of 144

Answer Stats

Answer% Correct
a
100%
I
100%
all
99%
love
99%
mine
99%
My
99%
my
99%
me
98%
to
97%
be
96%
is
96%
the
96%
in
94%
Nothing
94%
world
94%
you
94%
Could
93%
could
93%
her
93%
Moon
93%
belongs
92%
do
92%
But
91%
'Cause
91%
it
91%
shine
91%
down
90%
here
90%
Here
90%
when
90%
'Cause
89%
So
89%
heart
88%
tell
88%
die
87%
for
87%
if
87%
must
86%
which
85%
on
84%
with
83%
light
82%
Send
82%
up
82%
and
81%
baby
80%
of
80%
after
78%
hole
78%
before
77%
free
77%
comes
76%
high
76%
turn
76%
Shining
75%
big
74%
was
74%
Through
73%
what
73%
worth
73%
earth
72%
tent
72%
top
72%
Showed
71%

Score Distribution

Percentile by Number Answered

Percent of People with Each Score

Your Score History

You have not taken this quiz